10 Smallest US State Capitals Quiz Stats

 Plays Quiz Updated Jul 24, 2017

Support Sporcle.
Go Orange.
Score 0/10 Timer 02:00
1 Play Today
% Correct
Montpelier, Vermont
81.6%
Pierre, South Dakota
79%
Juneau, Alaska
75.9%
Augusta, Maine
75.5%
Helena, Montana
73.6%
Dover, Delaware
69.8%
Concord, New Hampshire
67.9%
Frankfort, Kentucky
51.2%
Jefferson City, Missouri
40%
Annapolis, Maryland
37.2%

You're not logged in!

Compare scores with friends on all Sporcle quizzes.
OR
Log In
Forgot?

From the Vault

Howdy, Neighbor! II

by Hejman

You can't create a classic sitcom without at least one wacky neighbor.
Remove Ads.
Support Sporcle.
Get the best of Sporcle when you Go Orange. This ad-free experience offers more features, more stats, and more fun while also helping to support Sporcle. Thank you for becoming a member.

Show Comments

Extras

Top Quizzes Today


Score Distribution

Your Account Isn't Verified!

In order to create a playlist on Sporcle, you need to verify the email address you used during registration. Go to your Sporcle Settings to finish the process.

Report this User

Report this user for behavior that violates our Community Guidelines.

Details: